| 000 -LEADER |
| fixed length control field |
00985nam a22001937a 4500 |
| 005 - DATE AND TIME OF LATEST TRANSACTION |
| control field |
20240226113716.0 |
| 008 - FIXED-LENGTH DATA ELEMENTS--GENERAL INFORMATION |
| fixed length control field |
240226s2016 tu ||||| |||| 00| 0 tur d |
| 020 ## - INTERNATIONAL STANDARD BOOK NUMBER |
| International Standard Book Number |
9789941228490 |
| 080 ## - UNIVERSAL DECIMAL CLASSIFICATION NUMBER |
| Universal Decimal Classification number |
821.512.161-82 თ-86 |
| 245 ## - TITLE STATEMENT |
| Title |
თურქული ლიტერატურის ქრესტომათია = Türk edebiyati ders kitabi Birinci cilt : |
| Remainder of title |
წიგნი I = kitap I / |
| Statement of responsibility, etc. |
რედ. მარიკა ჯიქია. |
| 264 ## - PRODUCTION, PUBLICATION, DISTRIBUTION, MANUFACTURE, AND COPYRIGHT NOTICE |
| Place of production, publication, distribution, manufacture |
თბილისი : |
| Name of producer, publisher, distributor, manufacturer |
უნივერსალი, |
| Date of production, publication, distribution, manufacture, or copyright notice |
2016. |
| 300 ## - PHYSICAL DESCRIPTION |
| Extent |
176 გვ.; |
| Other physical details |
26 სმ. |
| 521 ## - TARGET AUDIENCE NOTE |
| Target audience note |
ეძღვნება სტუდენტის ნინო სამხარაძის ხსოვნას |
| 653 ## - INDEX TERM--UNCONTROLLED |
| keyword |
თურქული ლიტერატურა |
| 653 ## - INDEX TERM--UNCONTROLLED |
| keyword |
თურქი პოეტები |
| 653 ## - INDEX TERM--UNCONTROLLED |
| keyword |
თურქი მწერლები |
| 700 ## - ADDED ENTRY--PERSONAL NAME |
| Personal name |
ჯიქია, მარიკა |
| Relator term |
რედაქტორი |
| 9 (RLIN) |
21288 |
| 942 ## - ADDED ENTRY ELEMENTS (KOHA) |
| Source of classification or shelving scheme |
|
| Koha item type |
წიგნი |